| 000 | 02322njm a2200409Ia 4500 | ||
|---|---|---|---|
| 001 | 95840 | ||
| 003 | IT-RoPAU | ||
| 005 | 20220918181110.0 | ||
| 008 | 131025s9999 xx 000 0 und d | ||
| 040 | _aIT-RoPAU | ||
| 040 | _cIT-RoPAU | ||
| 041 | _aITALIANO | ||
| 999 |
_c98895 _d98895 |
||
| 999 | _bn.d. | ||
| 100 |
_aAA.VV. _9794 |
||
| 100 |
_eAutore musica _927444 |
||
| 100 |
_gCodice autore musica SPICS: 12000 _9796 |
||
| 245 | _aGegè Telesforo | ||
| 250 | _a1a ed. | ||
| 260 | _aITALY | ||
| 260 |
_bGALA RECORDS _c1991 [1a Ed.:1991 - Ed. Lingua Orig.: 1991] |
||
| 300 | _aCOMPACT DISC | ||
| 500 | _aMusica leggera. Canzone italiana | ||
| 505 | _aCu cu? …ba! - Maschi - Così solare - Mister Doc (Day By Day) - Metto il naso - Una "strana storia" - Desire of Love - Il senno di poi - Lady Is A Tramp - Metto il naso (La mosca) | ||
| 650 |
_aMUSICA LEGGERA [COMPACT DISC] _eCodice MATERIA SPICS: 9949 _927445 |
||
| 700 |
_aTelesforo Gegè _gCodice interprete SPICS: 33412 _eInterprete _927446 |
||
| 700 |
_aBottini Max _gCodice autore musica SPICS: 33413 _eAutore musica _pCu cu? …ba! - Maschi - Così solare - Metto il naso - Desire of Love - Metto il naso (La mosca) _927447 |
||
| 700 |
_aTelesforo Gegè _gCodice autore testo/musica SPICS: 33412 _eAutore testo/musica _pCu cu? …ba! - Maschi - Metto il naso - Desire of Love - Il senno di poi - Metto il naso (La mosca) _927448 |
||
| 700 |
_aGrandi _gCodice autore musica SPICS: 33414 _eAutore musica _pMaschi - Così solare - Metto il naso - Una "strana storia" - Il senno di poi _927449 |
||
| 700 |
_aCammariere _gCodice autore testo/musica SPICS: 33415 _eAutore testo/musica _pCosì solare _927450 |
||
| 700 |
_aMattone Claudio _gCodice autore musica SPICS: 23582 _eAutore musica _pMister Doc (Day By Day) _927451 |
||
| 700 |
_aArbore Renzo _gCodice autore testo/musica SPICS: 10049 _eAutore testo/musica _pMister Doc (Day By Day) _927452 |
||
| 700 |
_aFerrarin _gCodice autore testo/musica SPICS: 33416 _eAutore testo/musica _pUna "strana storia" _927453 |
||
| 700 |
_aCannon _gCodice autore musica SPICS: 33417 _eAutore musica _pDesire of Love _927454 |
||
| 700 |
_aHart Lorenz _gCodice autore musica SPICS: 10738 _eAutore musica _pLady Is A Tramp _927455 |
||
| 700 |
_aRogers _gCodice autore testo/musica SPICS: 20495 _eAutore testo/musica _pLady Is A Tramp _927456 |
||
| 942 |
_cCD _2ddc |
||